000 00455nam a22001577a 4500
020 _a9780582251648
040 _cNUST
082 _a620.112 BEN
100 _aBenham, P. P.
_940905
110 _a Crawford, R. J Armstrong, C. G
_998936
245 _aMechanics of Engineering Materials
250 _a2nd Edition
260 _aHarlow:
_bPearson Education,
_c1996.
650 _aMechanics of Engineering Materials.NUSTTB2022
_9102882
942 _2ddc
_cBK
999 _c591418
_d591418